000 nam a22 7a 4500
999 _c8482
_d8482
008 180117b ||||| |||| 00| 0 eng d
100 _aManuja.S.etal.
_91641
245 _aInteractions in English
260 _aFrank&bros
_b2005